| 000 | 01564nam a2200493 i 4500 | ||
|---|---|---|---|
| 001 | 6867 | ||
| 003 | KOSZ 005 | ||
| 005 | 20200421104412.0 | ||
| 008 | 970510s1995 pl a |001 0 pol | ||
| 015 | _aUWD 1995/7893 | ||
| 020 | _a8386389540 | ||
| 035 | _a991000099489705066 | ||
| 035 | _a(PL-WaBN)b1007031x-48omnis_nlop | ||
| 035 | _ab1007031x | ||
| 035 | _a(OCoLC)750506882 | ||
| 035 | _a(PL)b0000001007031 | ||
| 035 | _a(EXLNZ-48OMNIS_NETWORK)9910108733405606 | ||
| 040 |
_aWA N _cWA N _dKOSZ 005/AR |
||
| 041 | _apol | ||
| 044 | _apl | ||
| 080 | _a004.42 | ||
| 080 | _a004.92 | ||
| 080 | _a(07) | ||
| 100 | 1 |
_aSzczerbanowski, Ryszard _d(1943- ) _eAutor |
|
| 245 | 1 | 0 |
_aAutoCAD LT : _bwprowadzenie : środowisko Windows / _cRyszard Szczerbanowski. |
| 260 |
_aWarszawa : _b"Intersoftland", _c1995. |
||
| 300 |
_a[4], VI, 449 stron : _bilustracje ; _c24 cm. |
||
| 336 |
_aTekst _btxt _2rdacontent |
||
| 337 |
_aBez urządzenia pośredniczącego _bn _2rdamedia |
||
| 338 |
_aWolumn _bnc _2rdacarrier |
||
| 380 | _aKsiążki | ||
| 388 | _a1901-2000 | ||
| 388 | _a1989-2000 | ||
| 504 | _aIndeks. | ||
| 650 | 7 |
_aProgramy graficzne _2DBN |
|
| 650 | 7 |
_aProjektowanie wspomagane komputerowo _2DBN |
|
| 650 | 7 |
_aAutoCAD _2DBN |
|
| 655 | 7 |
_aPodręcznik _2DBN |
|
| 658 | _aInformatyka i technologie informacyjne | ||
| 710 | 2 |
_aIntersoftland _4pbl |
|
| 856 |
_uhttp://koha.tu.koszalin.pl/cgi-bin/koha/opac-detail.pl?biblionumber=6867 _yKatalog online BPK |
||
| 942 |
_2UKD _cKS |
||
| 999 |
_c6867 _d6867 |
||